[Event "Chess24 Banter Blitz Cup"]
[Site "chess24.com INT"]
[Date "2020.01.03"]
[Round "1.13"]
[White "Bacrot, Etienne"]
[Black "Tejedor Fuente, Enrique"]
[Result "1-0"]
[WhiteTitle "GM"]
[BlackTitle "FM"]
[WhiteElo "2671"]
[BlackElo "2453"]
[WhiteFideId "605506"]
[BlackFideId "2299100"]
[EventDate "2019.09.25"]
[EventType "blitz"]

1. e4 d5 2. exd5 Qxd5 3. Nc3 Qd8 4. Nf3 Nf6 5. Bc4 g6 6. d4 Bg7 7. h3 O-O 8. O-O
Nbd7 9. Re1 a6 10. a4 Nb6 11. Bb3 Nbd5 12. Nxd5 Nxd5 13. c3 h6 14. Ne5 c6 15.
Qf3 Qd6 16. Bd2 Bf5 17. Rad1 Rad8 18. Bc1 Kh7 19. g4 Be6 20. Bc2 c5 21. Qe4 f5
22. Qe2 Bc8 23. dxc5 Qxc5 24. g5 h5 25. Qf3 e6 26. Re2 Qc7 27. Rde1 b6 28. Bd1
Ne7 29. Nxg6 Kxg6 30. Rxe6+ Bxe6 31. Qxh5# 1-0

[Event "Chess24 Banter Blitz Cup"]
[Site "chess24.com INT"]
[Date "2020.01.03"]
[Round "1.14"]
[White "Tejedor Fuente, Enrique"]
[Black "Bacrot, Etienne"]
[Result "1-0"]
[WhiteTitle "FM"]
[BlackTitle "GM"]
[WhiteElo "2453"]
[BlackElo "2671"]
[WhiteFideId "2299100"]
[BlackFideId "605506"]
[EventDate "2019.09.25"]
[EventType "blitz"]

1. b3 e5 2. Bb2 Nc6 3. e3 Nf6 4. Nf3 e4 5. Nd4 d5 6. d3 Bb4+ 7. Nd2 O-O 8. a3
Bg4 9. Ne2 exd3 10. cxd3 Bd6 11. h3 Bf5 12. d4 Re8 13. Nf3 Ne4 14. Nc3 Qf6 15.
Nxd5 Qe6 16. Bc4 b5 17. Nxc7 Qh6 18. Nxe8 Rxe8 19. Bxb5 Nxf2 20. Kxf2 Qxe3+ 21.
Kf1 1-0

[Event "Chess24 Banter Blitz Cup"]
[Site "chess24.com INT"]
[Date "2020.01.03"]
[Round "1.15"]
[White "Bacrot, Etienne"]
[Black "Tejedor Fuente, Enrique"]
[Result "0-1"]
[WhiteTitle "GM"]
[BlackTitle "FM"]
[WhiteElo "2671"]
[BlackElo "2453"]
[WhiteFideId "605506"]
[BlackFideId "2299100"]
[EventDate "2019.09.25"]
[EventType "blitz"]

1. e4 Nf6 2. e5 Nd5 3. d4 d6 4. Nf3 Bg4 5. Be2 e6 6. O-O Be7 7. h3 Bh5 8. exd6
cxd6 9. c4 Nb6 10. b3 O-O 11. Be3 Nc6 12. Nbd2 d5 13. a4 Bg6 14. a5 Nd7 15. a6
bxa6 16. Rxa6 Nb4 17. Ra1 Bd6 18. c5 Bc7 19. Bg5 Qb8 20. Rc1 h6 21. Bh4 Na2 22.
Ra1 Nc3 23. Qe1 Nxe2+ 24. Qxe2 Qb7 25. Rfc1 Nb8 26. Ne5 Bxe5 27. dxe5 Nc6 28.
Qa6 Rfb8 29. Qxb7 Rxb7 30. Ra6 Rc8 31. f4 Bd3 32. Raa1 Nd4 33. Kf2 Nc2 34. Ra5
Nb4 35. Ke3 Bg6 36. Nf3 Nc6 37. Ra3 Rb4 38. Be1 Re4+ 39. Kf2 Rxf4 40. Bd2 Re4
41. Ra6 f6 42. exf6 gxf6 43. Bxh6 Nb4 44. Rxa7 Nd3+ 45. Kg3 Nxc1 46. Rg7+ Kh8
47. Rxg6 Nd3 48. Rxf6 Rg8+ 49. Kh2 Ne1 50. Ng5 Re2 51. Kg1 Rxg2+ 52. Kf1 R2xg5
53. Bxg5 Rxg5 54. Kxe1 d4 55. c6 Rc5 56. Rxe6 Rc1+ 57. Kd2 Rc3 58. Rd6 Kg7 59.
b4 Kf7 60. b5 Ke7 61. Rxd4 Rb3 62. c7 Rb2+ 63. Kc3 Rh2 64. c8=Q Rf2 65. Qd7+ Kf6 0-1

[Event "Chess24 Banter Blitz Cup"]
[Site "chess24.com INT"]
[Date "2020.01.03"]
[Round "1.16"]
[White "Tejedor Fuente, Enrique"]
[Black "Bacrot, Etienne"]
[Result "0-1"]
[WhiteTitle "FM"]
[BlackTitle "GM"]
[WhiteElo "2453"]
[BlackElo "2671"]
[WhiteFideId "2299100"]
[BlackFideId "605506"]
[EventDate "2019.09.25"]
[EventType "blitz"]

1. Nf3 d5 2. c4 d4 3. e3 Nc6 4. exd4 Nxd4 5. Nxd4 Qxd4 6. d3 Nh6 7. Nc3 c6 8.
Be3 Qd8 9. d4 Nf5 10. Bd3 g6 11. Bxf5 Bxf5 12. Qb3 Qb6 13. d5 Qc7 14. Bd4 f6 15.
O-O Bg7 16. Rfe1 O-O 17. Re2 Rfd8 18. Rae1 e5 19. Bc5 cxd5 20. Ba3 dxc4 21. Qa4
a6 22. Bb4 b5 23. Qa5 Qxa5 24. Bxa5 Rd7 25. a4 Rb8 26. h3 b4 27. Ne4 Bxe4 28.
Rxe4 Rd4 29. R4e2 Rd5 30. Rc1 Rxa5 31. Rxc4 Rxa4 32. Rc7 Ra1+ 33. Kh2 Rd1 34. f4
Kh8 35. fxe5 fxe5 36. Rf2 Rg8 37. Rb7 Rd4 38. Rff7 e4 39. Rfe7 a5 40. Ra7 b3 41.
Rxa5 Rd2 42. Rb5 Rxb2 43. Rxe4 Rb1 44. h4 b2 45. h5 gxh5 46. Reb4 h6 47. Rb7 Rc1
48. Rxg7 Rxg7 49. Rxb2 Kh7 50. Rb5 Rc6 51. Rxh5 Rcg6 0-1

[Event "Chess24 Banter Blitz Cup"]
[Site "chess24.com INT"]
[Date "2020.01.05"]
[Round "2.1"]
[White "Mamedov, Rauf"]
[Black "Bruzon Batista, Lazaro"]
[Result "1-0"]
[WhiteTitle "GM"]
[BlackTitle "GM"]
[WhiteElo "2645"]
[BlackElo "2644"]
[WhiteFideId "13401653"]
[BlackFideId "3503739"]
[EventDate "2019.09.25"]
[EventType "blitz"]

1. e4 e5 2. Nf3 Nc6 3. Bc4 Bc5 4. c3 Nf6 5. d3 d6 6. a4 a6 7. Bg5 Ba7 8. Nbd2 h6
9. Bh4 Qe7 10. Nf1 Be6 11. Bb3 Rd8 12. Ne3 g5 13. Nxg5 hxg5 14. Bxg5 Bxe3 15.
fxe3 Rg8 16. h4 Rg6 17. Rf1 Rxg5 18. hxg5 Nd7 19. Bxe6 Qxe6 20. Qh5 Qg6 21. Qxg6
fxg6 22. Ke2 Ke7 23. Rh1 Rf8 24. Rh6 Nc5 25. Rxg6 Ne6 26. Rh1 Rf7 27. Rh8 Kd7
28. Rhh6 Ncd8 29. Rg8 Rg7 30. Rxg7+ Nxg7 31. Kf3 Ke7 32. Kg4 Nde6 33. d4 Kf7 34.
Rf6+ Ke7 35. Rh6 Kf7 36. Rh8 Nf8 37. Rh1 Nfe6 38. Rf1+ Ke7 39. g6 Nd8 40. Kg5 a5
41. Kh6 Nde6 42. d5 1-0

[Event "Chess24 Banter Blitz Cup"]
[Site "chess24.com INT"]
[Date "2020.01.05"]
[Round "2.2"]
[White "Bruzon Batista, Lazaro"]
[Black "Mamedov, Rauf"]
[Result "0-1"]
[WhiteTitle "GM"]
[BlackTitle "GM"]
[WhiteElo "2644"]
[BlackElo "2645"]
[WhiteFideId "3503739"]
[BlackFideId "13401653"]
[EventDate "2019.09.25"]
[EventType "blitz"]

1. d4 d5 2. c4 c6 3. Nf3 Nf6 4. Nbd2 g6 5. b3 Bg7 6. Bb2 a5 7. e3 O-O 8. a3 Bf5
9. Be2 Ne4 10. O-O Nd7 11. Nh4 Nxd2 12. Qxd2 Be6 13. Rfc1 a4 14. cxd5 Bxd5 15.
b4 e5 16. Nf3 e4 17. Ne1 f5 18. b5 f4 19. exf4 Bh6 20. g3 g5 21. Ng2 gxf4 22.
gxf4 Qe7 23. Rc3 Rf6 24. Rg3+ Kh8 25. bxc6 bxc6 26. Bc3 Qf7 27. Rb1 Rxf4 28.
Nxf4 Bxf4 29. Qe1 e3 30. Rb7 Bxg3 31. hxg3 Qf5 32. f3 Rg8 33. Kg2 Nf6 34. Bb4
Qc2 35. Bd6 Bxf3+ 36. Kg1 Qxe2 37. Qxe2 Bxe2 38. Be5 Rf8 39. Re7 Kg8 40. d5 cxd5
41. Bd4 Nh5 42. Re5 h6 43. Rxe3 Bf3 44. Kh2 Be4 45. Rc3 Nf6 0-1

[Event "Chess24 Banter Blitz Cup"]
[Site "chess24.com INT"]
[Date "2020.01.05"]
[Round "2.3"]
[White "Mamedov, Rauf"]
[Black "Bruzon Batista, Lazaro"]
[Result "0-1"]
[WhiteTitle "GM"]
[BlackTitle "GM"]
[WhiteElo "2645"]
[BlackElo "2644"]
[WhiteFideId "13401653"]
[BlackFideId "3503739"]
[EventDate "2019.09.25"]
[EventType "blitz"]

1. e4 e6 2. d4 d5 3. e5 c5 4. c3 Nc6 5. Nf3 Bd7 6. Be2 Nge7 7. O-O Ng6 8. a3 Be7
9. Be3 cxd4 10. cxd4 O-O 11. Bd3 a6 12. Nc3 Rc8 13. Rc1 Na5 14. Nd2 b5 15. f4
Nc4 16. Nxc4 bxc4 17. Bb1 Rb8 18. Rf2 f5 19. exf6 Bxf6 20. f5 Ne7 21. fxe6 Bxe6
22. Qe2 Qd7 23. Rcf1 Nc6 24. Qd2 Be7 25. Rxf8+ Rxf8 26. Rxf8+ Bxf8 27. Qf2 g6
28. h3 Bg7 29. Qf4 Bf7 30. Bc2 h6 31. Ba4 Qe6 32. Bxc6 Qxc6 33. Qb8+ Kh7 34. Qa7
Qe6 35. Bf2 g5 36. Qb7 h5 37. Qc7 Bg6 38. Qb7 Bf7 39. Qc7 h4 40. Qb7 Kg6 41. Qc7
Bf6 42. Qb7 Qf5 43. Qc6 Be6 44. Qe8+ Bf7 45. Qc6 Qe6 46. Qb7 g4 47. hxg4 Qxg4
48. Nxd5 Qe4 49. Qxa6 Bxd5 0-1

[Event "Chess24 Banter Blitz Cup"]
[Site "chess24.com INT"]
[Date "2020.01.05"]
[Round "2.4"]
[White "Bruzon Batista, Lazaro"]
[Black "Mamedov, Rauf"]
[Result "0-1"]
[WhiteTitle "GM"]
[BlackTitle "GM"]
[WhiteElo "2644"]
[BlackElo "2645"]
[WhiteFideId "3503739"]
[BlackFideId "13401653"]
[EventDate "2019.09.25"]
[EventType "blitz"]

1. d4 Nf6 2. Nf3 g6 3. Bg5 Bg7 4. Nbd2 d6 5. c3 O-O 6. e4 c5 7. d5 e6 8. dxe6
Bxe6 9. Be2 h6 10. Bh4 Nc6 11. O-O Re8 12. a4 Qc7 13. Re1 g5 14. Bg3 Nh5 15. Nc4
Nxg3 16. hxg3 Rad8 17. Ne3 Ne7 18. Bb5 Rf8 19. Bc4 Qd7 20. Qb3 Nc6 21. Qc2 Rfe8
22. Rad1 a6 23. Nh2 Bxc4 24. Nxc4 Qe6 25. Nb6 Ne7 26. Nf1 Nc8 27. Nd5 Rd7 28. f3
Ne7 29. Nxe7+ Rdxe7 30. Ne3 Rd7 31. Nd5 b5 32. axb5 axb5 33. Qf2 Rb7 34. Ne3 b4
35. Qd2 bxc3 36. bxc3 Rb3 37. Nd5 Reb8 38. Qd3 Rb2 39. Rd2 R2b3 40. Kh2 h5 41.
Kg1 h4 42. gxh4 gxh4 43. f4 Rb2 44. Rxb2 Rxb2 45. Re2 Rxe2 46. Qxe2 f5 47. Qc4
Kh8 48. exf5 Qe1+ 49. Qf1 Qd2 50. Qf3 Bh6 51. f6 c4 52. Kh2 Qd3 53. Kh3 Qh7 54.
Qe3 Qf5+ 55. Kh2 Qxd5 56. Qe8+ Kh7 57. Qe7+ Kg6 58. Qe8+ Kxf6 59. Qh8+ Kg6 60.
Qe8+ Qf7 61. Qe4+ Qf5 62. Qe8+ Kg7 63. Qe7+ Qf7 64. Qxh4 Bxf4+ 65. g3 Be5 66.
Qg4+ Qg6 67. Qd7+ Kh6 68. Qd8 Qh5+ 69. Kg2 Qg6 70. Qh4+ Kg7 0-1

[Event "Chess24 Banter Blitz Cup"]
[Site "chess24.com INT"]
[Date "2020.01.05"]
[Round "2.5"]
[White "Mamedov, Rauf"]
[Black "Bruzon Batista, Lazaro"]
[Result "1/2-1/2"]
[WhiteTitle "GM"]
[BlackTitle "GM"]
[WhiteElo "2645"]
[BlackElo "2644"]
[WhiteFideId "13401653"]
[BlackFideId "3503739"]
[EventDate "2019.09.25"]
[EventType "blitz"]

1. e4 e6 2. d4 d5 3. Nd2 a6 4. Ngf3 c5 5. exd5 exd5 6. Bd3 c4 7. Be2 Bd6 8. b3
cxb3 9. axb3 Ne7 10. O-O O-O 11. c4 Nbc6 12. h3 h6 13. Bd3 Bf5 14. Bxf5 Nxf5 15.
cxd5 Nb4 16. Nc4 Nxd5 17. Nxd6 Nxd6 18. Ba3 Re8 19. Qd3 Nb5 20. Bc1 Rc8 21. Bd2
Qf6 22. Rfe1 Qg6 23. Qxg6 fxg6 24. Rxe8+ Rxe8 25. Rc1 g5 26. Kf1 Rd8 27. Ke2 Ne7
28. Kd3 Nc6 29. Be3 Kf7 30. Rc5 Ke6 31. Ke4 Nd6+ 32. Kd3 Nb4+ 33. Ke2 b6 34. Rc7
Rd7 35. Rc1 Nd5 36. Ne5 Rc7 37. Rxc7 Nxc7 38. Kd3 Kd5 39. Nc4 Nc8 40. f4 Ne6 41.
f5 Nf4+ 42. Bxf4 gxf4 43. Nd2 Nd6 44. Nc4 Nc8 45. Ne5 b5 46. Ng6 a5 47. Nxf4+
Kd6 48. g4 Ne7 49. h4 a4 50. bxa4 bxa4 51. Kc4 a3 52. Kb3 Nc6 53. Ne6 g6 54.
Kxa3 gxf5 55. gxf5 Ne7 56. f6 Ng6 57. Ng7 Nxh4 58. Kb4 Ng6 59. Nf5+ Ke6 60. Nxh6
Kxf6 61. Kc5 Nf4 62. d5 Nxd5 1/2-1/2

[Event "Chess24 Banter Blitz Cup"]
[Site "chess24.com INT"]
[Date "2020.01.05"]
[Round "2.6"]
[White "Bruzon Batista, Lazaro"]
[Black "Mamedov, Rauf"]
[Result "0-1"]
[WhiteTitle "GM"]
[BlackTitle "GM"]
[WhiteElo "2644"]
[BlackElo "2645"]
[WhiteFideId "3503739"]
[BlackFideId "13401653"]
[EventDate "2019.09.25"]
[EventType "blitz"]

1. d4 d5 2. c4 c6 3. Nf3 Nf6 4. Nbd2 g6 5. e3 Bg7 6. b4 O-O 7. Bb2 a5 8. b5 Bf5
9. Be2 Ne4 10. O-O Nd7 11. Rc1 Nxd2 12. Qxd2 Nf6 13. bxc6 bxc6 14. Ba3 Ne4 15.
Qd1 a4 16. Ne5 Bxe5 17. dxe5 dxc4 18. g4 Be6 19. f3 Nd2 20. Rf2 Nb3 21. axb3
axb3 22. Qxd8 Rfxd8 23. Bb2 Rd2 24. Bc3 Rda2 25. Bf1 R2a4 26. e4 Kg7 27. h3 g5
28. Kg2 h5 29. Kg3 h4+ 30. Kg2 c5 31. Rd2 Rb8 32. Kf2 Ra3 33. Rb2 Rd8 34. Ke3
Ra4 35. Be2 Rb8 36. Rd2 Ra3 37. Bb2 Ra4 38. Ra1 Ra2 39. Bc3 Rba8 40. Raxa2 bxa2
41. Ba1 c3 42. Rc2 Ra3 43. Rxc3 Ra5 44. Kd2 Ra4 45. Bd3 Rb4 46. Bc2 Rb1 0-1

[Event "Chess24 Banter Blitz Cup"]
[Site "chess24.com INT"]
[Date "2020.01.05"]
[Round "2.7"]
[White "Mamedov, Rauf"]
[Black "Bruzon Batista, Lazaro"]
[Result "0-1"]
[WhiteTitle "GM"]
[BlackTitle "GM"]
[WhiteElo "2645"]
[BlackElo "2644"]
[WhiteFideId "13401653"]
[BlackFideId "3503739"]
[EventDate "2019.09.25"]
[EventType "blitz"]

1. g3 d5 2. Bg2 e6 3. d3 Nf6 4. Nf3 Be7 5. O-O O-O 6. Nbd2 a6 7. e4 a5 8. exd5
exd5 9. Re1 a4 10. a3 c5 11. h3 Nc6 12. Nf1 h6 13. Bf4 Be6 14. Ne5 Nxe5 15. Bxe5
Nd7 16. Bf4 Re8 17. Nh2 Nf8 18. Ng4 Ng6 19. Bd2 Qd7 20. Ne5 Nxe5 21. Rxe5 Bf6
22. Rh5 Bxb2 23. Rb1 Bf6 24. Qf3 Be7 25. Bc3 Rad8 26. Qf4 Bf8 27. g4 f6 28. Rb6
Bf7 29. Rxh6 gxh6 30. Rxf6 d4 31. Ba5 Ra8 32. g5 Ra6 33. gxh6 Rxf6 34. Qxf6 Re6
35. h7+ Kxh7 36. Qf5+ Kg8 37. Qg4+ Bg7 38. Be4 Rg6 39. Bxg6 Qxg4+ 40. hxg4 Bxg6
41. Bb6 c4 0-1

[Event "Chess24 Banter Blitz Cup"]
[Site "chess24.com INT"]
[Date "2020.01.05"]
[Round "2.8"]
[White "Bruzon Batista, Lazaro"]
[Black "Mamedov, Rauf"]
[Result "0-1"]
[WhiteTitle "GM"]
[BlackTitle "GM"]
[WhiteElo "2644"]
[BlackElo "2645"]
[WhiteFideId "3503739"]
[BlackFideId "13401653"]
[EventDate "2019.09.25"]
[EventType "blitz"]

1. d4 Nf6 2. Nf3 g6 3. Bg5 Bg7 4. Nbd2 O-O 5. c3 d6 6. e4 c5 7. d5 e6 8. dxe6
Bxe6 9. Be2 Nc6 10. O-O Re8 11. Re1 Qc7 12. Qc2 h6 13. Bh4 Nh5 14. Rad1 Na5 15.
Bb5 Rf8 16. Bf1 a6 17. Nb3 Nxb3 18. axb3 b5 19. Nd2 g5 20. Bg3 Nxg3 21. hxg3
Rab8 22. Be2 c4 23. bxc4 bxc4 24. Ra1 d5 25. exd5 Bxd5 26. Bf3 Bxf3 27. Nxf3 Rb6
28. Re2 Rfb8 29. Ra2 Qd7 30. Re1 Qd3 31. Qc1 Qd5 32. Nh2 Bf8 33. Rd1 Qf5 34. Qb1
Qxb1 35. Rxb1 Bg7 36. Rba1 Rxb2 37. Rxb2 Rxb2 38. Rxa6 Bxc3 39. Ng4 h5 40. Ne3
Bd4 41. Rc6 c3 42. Rc4 Bxe3 43. fxe3 c2 44. Kh2 g4 0-1

[Event "Chess24 Banter Blitz Cup"]
[Site "chess24.com INT"]
[Date "2020.01.05"]
[Round "2.9"]
[White "Mamedov, Rauf"]
[Black "Bruzon Batista, Lazaro"]
[Result "1/2-1/2"]
[WhiteTitle "GM"]
[BlackTitle "GM"]
[WhiteElo "2645"]
[BlackElo "2644"]
[WhiteFideId "13401653"]
[BlackFideId "3503739"]
[EventDate "2019.09.25"]
[EventType "blitz"]

1. e4 e6 2. d4 d5 3. Bd3 c5 4. exd5 exd5 5. Nf3 c4 6. Be2 Bd6 7. O-O Ne7 8. b3
cxb3 9. axb3 O-O 10. c4 Nbc6 11. h3 h6 12. Nc3 a6 13. c5 Bc7 14. Bd3 Bf5 15.
Bxf5 Nxf5 16. Qd3 Qd7 17. Bd2 Rae8 18. Rae1 Nb4 19. Qb1 Nc6 20. Qd3 Nb4 21. Qb1
Nc6 22. Qd3 1/2-1/2

[Event "Chess24 Banter Blitz Cup"]
[Site "chess24.com INT"]
[Date "2020.01.05"]
[Round "2.10"]
[White "Bruzon Batista, Lazaro"]
[Black "Mamedov, Rauf"]
[Result "0-1"]
[WhiteTitle "GM"]
[BlackTitle "GM"]
[WhiteElo "2644"]
[BlackElo "2645"]
[WhiteFideId "3503739"]
[BlackFideId "13401653"]
[EventDate "2019.09.25"]
[EventType "blitz"]

1. d4 d5 2. c4 e6 3. Nc3 c5 4. cxd5 exd5 5. Nf3 Nc6 6. g3 Nf6 7. Bg2 Be7 8. O-O
O-O 9. Bf4 c4 10. Ne5 Be6 11. Nxc4 dxc4 12. d5 Nxd5 13. Nxd5 Bf6 14. Bc7 Qc8 15.
Nxf6+ gxf6 16. Bf4 Bh3 17. Bxh3 Qxh3 18. Qd5 Qe6 19. Qh5 Rfe8 20. Rac1 Qxe2 21.
Qxe2 Rxe2 22. Rxc4 Rxb2 23. Bh6 f5 24. Rd1 Re8 25. Rc5 f6 26. Rd7 Re7 27. Rd6
Kf7 28. Rxf5 Re6 29. Rfd5 Ne5 30. a4 Ng4 31. Rd7+ Re7 32. Bf4 Nxf2 33. Rxe7+
Kxe7 34. Rh5 Nd3 35. Rxh7+ Ke6 36. Be3 a5 37. h4 Ne5 38. h5 Nf3+ 39. Kf1 Rh2 40.
h6 Kf5 41. Rh8 Ke4 42. Bf4 Nd4 43. Re8+ Kf3 44. Rd8 Rh1# 0-1

[Event "Chess24 Banter Blitz Cup"]
[Site "chess24.com INT"]
[Date "2020.01.05"]
[Round "2.11"]
[White "Mamedov, Rauf"]
[Black "Bruzon Batista, Lazaro"]
[Result "1-0"]
[WhiteTitle "GM"]
[BlackTitle "GM"]
[WhiteElo "2645"]
[BlackElo "2644"]
[WhiteFideId "13401653"]
[BlackFideId "3503739"]
[EventDate "2019.09.25"]
[EventType "blitz"]

1. Nf3 c5 2. e4 d6 3. Nc3 a6 4. g3 e6 5. Bg2 Nf6 6. O-O Be7 7. e5 dxe5 8. Nxe5
O-O 9. a4 Qc7 10. Nc4 Nc6 11. d3 Na5 12. Bf4 Qd8 13. Ne5 Nd5 14. Bd2 Nb4 15. Re1
f6 16. Nc4 Nac6 17. a5 Nd4 18. Rc1 Kh8 19. Nb6 Rb8 20. Ne2 Nbc6 21. Nxd4 Nxd4
22. c3 Nc6 23. Qh5 g6 24. Qe2 e5 25. Bh6 Re8 26. Bxc6 bxc6 27. d4 cxd4 28. cxd4
Bb4 29. Red1 e4 30. d5 cxd5 31. Rxd5 Qe7 32. Bf4 Bb7 33. Rd7 Qe6 34. Bxb8 Rxb8
35. Rcc7 1-0

[Event "Chess24 Banter Blitz Cup"]
[Site "chess24.com INT"]
[Date "2020.01.05"]
[Round "2.12"]
[White "Bruzon Batista, Lazaro"]
[Black "Mamedov, Rauf"]
[Result "0-1"]
[WhiteTitle "GM"]
[BlackTitle "GM"]
[WhiteElo "2644"]
[BlackElo "2645"]
[WhiteFideId "3503739"]
[BlackFideId "13401653"]
[EventDate "2019.09.25"]
[EventType "blitz"]

1. d4 Nf6 2. Nf3 g6 3. Bf4 Bg7 4. e3 O-O 5. Be2 d6 6. c3 b6 7. h3 Bb7 8. O-O
Nbd7 9. Bh2 c5 10. a4 a6 11. Nbd2 Qc7 12. Re1 Bc6 13. Bf1 Qb7 14. Qb1 b5 15.
axb5 axb5 16. Rxa8 Rxa8 17. e4 cxd4 18. cxd4 Nb6 19. e5 dxe5 20. dxe5 Nfd5 21.
Nd4 e6 22. Ne4 Nc4 23. b3 Nxe5 24. Nd6 Qb6 25. Nxe6 fxe6 26. Bxe5 Bxe5 27. Rxe5
Qd4 28. Re4 Qf6 29. Re1 Nc3 30. Qc2 Ra2 0-1

[Event "Chess24 Banter Blitz Cup"]
[Site "chess24.com INT"]
[Date "2020.01.04"]
[Round "2.1"]
[White "Cheparinov, Ivan"]
[Black "Moiseenko, Alexander"]
[Result "1-0"]
[WhiteTitle "GM"]
[BlackTitle "GM"]
[WhiteElo "2670"]
[BlackElo "2635"]
[WhiteFideId "2905540"]
[BlackFideId "14102560"]
[EventDate "2019.09.25"]
[EventType "blitz"]

1. d4 Nf6 2. c4 e6 3. Nf3 Bb4+ 4. Nbd2 O-O 5. a3 Be7 6. e4 d6 7. Be2 Nfd7 8. b4
e5 9. d5 a5 10. Bb2 axb4 11. axb4 Rxa1 12. Qxa1 Na6 13. Bc3 c5 14. dxc6 bxc6 15.
c5 Nc7 16. cxd6 Bxd6 17. Nc4 Nb5 18. Nxd6 Nxd6 19. Nd2 Qe7 20. O-O Bb7 21. Rd1
Ra8 22. Qb2 h6 23. Bd3 Ba6 24. Bc2 Be2 25. Ra1 Rxa1+ 26. Qxa1 Bb5 27. Qa7 f6 28.
Bb3+ Kh7 29. f3 Qd8 30. h4 Qb6+ 31. Qxb6 Nxb6 32. Kf2 Nbc4 33. Nf1 g5 34. h5 Kg7
35. Ng3 Kf8 36. Bc2 Ke7 37. Be1 Kf8 38. Bb3 Ke7 39. Kg1 Kf8 40. Bf2 Kg7 41. Bc5
Kh7 42. Kf2 Kg7 43. Ke1 Kh7 44. Nh1 Nb7 45. Be7 Kg7 46. Ng3 Nbd6 47. Bxc4 Nxc4
48. Nf5+ Kf7 49. Bc5 Na3 50. Nxh6+ Kg7 51. Nf5+ Kh7 52. Be7 Nc2+ 53. Kd2 Nd4 54.
Nxd4 exd4 55. Bxf6 Bf1 56. g4 Bg2 57. Ke2 d3+ 58. Kxd3 Bxf3 59. Bxg5 Bxg4 60. h6
Bh5 61. Bf4 1-0

[Event "Chess24 Banter Blitz Cup"]
[Site "chess24.com INT"]
[Date "2020.01.04"]
[Round "2.2"]
[White "Moiseenko, Alexander"]
[Black "Cheparinov, Ivan"]
[Result "1-0"]
[WhiteTitle "GM"]
[BlackTitle "GM"]
[WhiteElo "2635"]
[BlackElo "2670"]
[WhiteFideId "14102560"]
[BlackFideId "2905540"]
[EventDate "2019.09.25"]
[EventType "blitz"]

1. d4 Nf6 2. c4 g6 3. Nc3 d5 4. Bg5 Ne4 5. Bh4 Nxc3 6. bxc3 dxc4 7. e3 Be6 8.
Qb1 Bg7 9. Qxb7 Bd5 10. Qb4 Qd6 11. Nf3 Nd7 12. Rc1 a5 13. Qxd6 cxd6 14. Nd2 f5
15. f3 Nf6 16. Bxf6 Bxf6 17. Bxc4 Bc6 18. Rb1 Kd7 19. Ke2 Rhb8 20. Kd3 d5 21.
Bb3 a4 22. Bc2 Bb5+ 23. c4 dxc4+ 24. Nxc4 e5 25. Kc3 exd4+ 26. exd4 Bxc4 27.
Kxc4 a3 28. Rxb8 Rxb8 29. Bb3 Kd6 30. Re1 Rb7 31. Kd3 Re7 32. Rc1 Bg5 33. Rc2
Re3+ 34. Kc4 Bf6 35. h3 Re7 36. Kd3 g5 37. Rc5 f4 38. Rd5+ Kc6 39. Rf5 Re3+ 40.
Kc4 Be7 41. Rf7 Kd6 42. Rxh7 Re2 43. Rh6+ Kc7 44. Kd5 Rxg2 45. Re6 Bb4 46. Rc6+
Kd8 47. Rc4 Bd2 48. Kc6 Re2 49. d5 Be3 50. d6 Rd2 51. Ra4 1-0

[Event "Chess24 Banter Blitz Cup"]
[Site "chess24.com INT"]
[Date "2020.01.04"]
[Round "2.3"]
[White "Cheparinov, Ivan"]
[Black "Moiseenko, Alexander"]
[Result "0-1"]
[WhiteTitle "GM"]
[BlackTitle "GM"]
[WhiteElo "2670"]
[BlackElo "2635"]
[WhiteFideId "2905540"]
[BlackFideId "14102560"]
[EventDate "2019.09.25"]
[EventType "blitz"]

1. d4 Nf6 2. c4 e6 3. Nf3 Bb4+ 4. Nbd2 O-O 5. a3 Be7 6. e4 d5 7. e5 Nfd7 8. Bd3
c5 9. h4 g6 10. O-O Nc6 11. Re1 cxd4 12. Nb3 dxc4 13. Bxc4 Nb6 14. Bb5 Bxh4 15.
Bxc6 bxc6 16. Bh6 Re8 17. Nbxd4 Bb7 18. Qc1 c5 19. Qxc5 Rc8 20. Qa5 Be7 21. Rad1
Bd5 22. Nb5 Nc4 23. Qxa7 Nxb2 24. Nd6 Nxd1 25. Rxd1 Ra8 26. Qd4 Bxf3 27. gxf3
Bg5 28. Bxg5 Qxg5+ 29. Qg4 Qxg4+ 30. fxg4 Red8 31. Rd3 Kg7 32. Kg2 Ra4 33. Kg3
Rda8 34. f3 Rxa3 35. Rd4 R3a4 36. Rd3 Ra3 37. Rd4 R3a7 38. Ne4 Ra4 39. Rd7 R4a7
40. Rd6 h6 41. Nf6 Rc7 42. Rd4 Rc5 0-1

[Event "Chess24 Banter Blitz Cup"]
[Site "chess24.com INT"]
[Date "2020.01.04"]
[Round "2.4"]
[White "Moiseenko, Alexander"]
[Black "Cheparinov, Ivan"]
[Result "0-1"]
[WhiteTitle "GM"]
[BlackTitle "GM"]
[WhiteElo "2635"]
[BlackElo "2670"]
[WhiteFideId "14102560"]
[BlackFideId "2905540"]
[EventDate "2019.09.25"]
[EventType "blitz"]

1. d4 Nf6 2. c4 c5 3. d5 e6 4. Nc3 exd5 5. cxd5 d6 6. e4 g6 7. f4 Bg7 8. Bb5+
Nfd7 9. a4 O-O 10. Nf3 Na6 11. O-O Nb4 12. Kh1 a6 13. Be2 Nf6 14. Bc4 Bg4 15.
Bd2 Re8 16. h3 Bxf3 17. Qxf3 Nc2 18. Rad1 Nd4 19. Qd3 b5 20. axb5 axb5 21. Bxb5
Nxb5 22. Qxb5 Nxe4 23. Nxe4 Rxe4 24. Bc3 Qe8 25. Qb6 Qd8 26. Qb5 Bxc3 27. bxc3
Qf6 28. f5 g5 29. c4 Ra2 30. Rde1 Ree2 31. Rxe2 Rxe2 32. Qd7 Kg7 33. Qa4 g4 34.
Qd1 Re4 35. hxg4 Qh4+ 36. Kg1 Qxg4 37. Qxg4+ Rxg4 38. Ra1 Kf6 39. Ra6 Ke5 40.
Ra7 f6 41. Re7+ Kxf5 42. Re6 Rxc4 43. Rxd6 Rd4 44. Rd7 c4 45. Kf2 h5 46. Ke3
Rd3+ 47. Ke2 Ke5 48. Rh7 Rxd5 49. Rxh5+ Kd6 50. Rh6 Ke5 51. Rh8 f5 52. Rc8 Kd4
53. Kd2 Ra5 54. Rd8+ Rd5 55. Rc8 Rd7 56. Kc2 Ra7 0-1

[Event "Chess24 Banter Blitz Cup"]
[Site "chess24.com INT"]
[Date "2020.01.04"]
[Round "2.5"]
[White "Cheparinov, Ivan"]
[Black "Moiseenko, Alexander"]
[Result "1-0"]
[WhiteTitle "GM"]
[BlackTitle "GM"]
[WhiteElo "2670"]
[BlackElo "2635"]
[WhiteFideId "2905540"]
[BlackFideId "14102560"]
[EventDate "2019.09.25"]
[EventType "blitz"]

1. d4 Nf6 2. c4 e6 3. Nf3 d5 4. Nc3 dxc4 5. e4 b5 6. e5 Nd5 7. Nxb5 Nb6 8. Be2
Be7 9. O-O O-O 10. Qd2 Bb7 11. Qf4 Nc6 12. Qg4 Kh8 13. Rd1 Qd7 14. Nc3 f5 15.
exf6 gxf6 16. d5 exd5 17. Qxd7 Nxd7 18. Nxd5 Bd6 19. Nxc7 Bxc7 20. Rxd7 Rac8 21.
Bxc4 Nb8 22. Rd4 Bxf3 23. gxf3 Be5 24. Rh4 Rfd8 25. Be3 Nc6 26. Be6 Rb8 27. Bf5
Rb7 28. Be4 Rg7+ 29. Kf1 Nd4 30. Rd1 Rgd7 31. Bxd4 Rxd4 32. Rxh7+ Kg8 33. Rxd4
Rxd4 34. Rb7 a5 35. h4 f5 36. Bxf5 Rxh4 37. Rb5 Bd4 38. Rxa5 Rh2 39. Ke2 Rxf2+
40. Kd3 Bxb2 41. Be4 Bf6 42. a4 Kf7 43. Ra7+ Ke6 44. Ra6+ Ke5 45. Ra5+ Kd6 46.
Rd5+ Ke6 47. Rc5 Ra2 48. Rc6+ Ke5 49. Rc5+ Kd6 50. Rc4 Ra3+ 51. Ke2 Be5 52. Kf2
Ke6 53. Rc6+ Kd7 54. Ra6 1-0